Normal view MARC view

Entry Personal Name

Number of records used in: 1

001 - CONTROL NUMBER

  • control field: 1237781

003 - CONTROL NUMBER IDENTIFIER

  • control field: OSt

005 - DATE AND TIME OF LATEST TRANSACTION

  • control field: 20260430150531.0

008 - FIXED-LENGTH DATA ELEMENTS

  • fixed length control field: 260430|| aca||aabn | a|a d

040 ## - CATALOGING SOURCE

  • Original cataloging agency: OSt
  • Transcribing agency: OSt

100 ## - HEADING--PERSONAL NAME

  • Personal name: Sanjeev Kumar Au.; Anshu Gu

670 ## - SOURCE DATA FOUND

  • Source citation: Work cat.: (OSt)1850015: Sanjeev Kumar Au.; Anshu Gu., A Comparative Geospatial Analysis of Traditional and Contemporary Natural Resource Management Systems in Tawang District, Arunchal Pradesh, 2024
Copyright @ Delhi University Library System